Seleção Francesa Copa 2018 - Statistics

Estatísticas Gerais
  • Esse quiz foi jogado 34 vezes
  • A pontuação média é 13 de 23
Estatísticas das Respostas
Dica Resposta % Correto
Atacante Mbappé
97%
Atacante Griezmann
93%
Atacante Giroud
90%
Goleiro LLoris
87%
Meia Pogba
87%
Volante Kanté
83%
Lateral D Pavard
80%
Volante Matuidi
77%
Zagueiro Umtiti
73%
Zagueiro Varane
73%
Lateral E Lucas hernández
70%
Atacante Dembélé
63%
Goleiro Mandanda
43%
Goleiro Areola
40%
Lateral E Mendy
40%
Zagueiro Kimpembe
33%
Zagueiro Rami
33%
Meia Lemar
23%
Volante Tolisso
23%
Lateral D Sidibé
20%
Atacante Thauvin
20%
Volante Nzonzi
17%
Atacante Fekir
13%
Nenhum quiz correspondente encontrado
Distribuição das Pontuações
Porcentagem de Pessoas com Cada Pontuação
Percentil de Números Respondidos
Sua Pontuação Histórica
Você não jogou esse quiz